| 000 | 00821nam a22002537a 4500 | ||
|---|---|---|---|
| 003 | OSt | ||
| 005 | 20220107122858.0 | ||
| 008 | 200306b xxu||||| |||| 00| 0 eng d | ||
| 020 | _a9781789610789 | ||
| 040 | _cIIITMK | ||
| 082 | _a005.8 KLE/M | ||
| 100 |
_aKleymenov, Alexey _917827 |
||
| 245 |
_aMastering malware analysis: _bThe complete malware analyst's guide to combating malicious software, APT, cybercrime and IOT attacks _cAlexey Kleymenov |
||
| 260 |
_aBirmingham, _bPackt Publishing, _c2019. |
||
| 300 | _axiii, 540p. | ||
| 650 |
_aCOMPUTER SCIENCE _918021 |
||
| 650 |
_aCOMPUTER SECURITY _918022 |
||
| 650 |
_aMALWARE ANALYSIS _918023 |
||
| 650 |
_aCYBER CRIME _918024 |
||
| 650 |
_aADVANCED PERSISTENT THREATS _918025 |
||
| 650 |
_aIOT ATTACKS _918026 |
||
| 700 |
_aThabet, Amr _917828 |
||
| 942 |
_2ddc _cBK |
||
| 999 |
_c6747 _d6747 |
||